| 000 | 00990nam2a22002531 4500 | ||
|---|---|---|---|
| 001 | RU\NLR\INFOCOMM6\1000363648 | ||
| 005 | 20250617052239.0 | ||
| 035 | _a(NLR Aleph) 002481890 | ||
| 090 |
_a2431499 _c2431499 |
||
| 100 | _a20031202d2001 |||y0rusy50 ca | ||
| 101 | 0 | _arus | |
| 102 | _aRU | ||
| 105 | _ay ||||||||| | ||
| 200 | 0 | _a№12 | |
| 210 |
_d2001 _aБ. м. |
||
| 300 | _aСпец. вып. | ||
| 461 | 0 |
_1001RU\NLR\INFOCOMM6\1000363647 _12001#$aАрхивы Республики Алтай$eИнформ.-метод. бюл.$fГос. арх. служба Респ. Алтай$v№12 _92431489 _cГорно-Алтайск _d2001- _fГос. арх. служба Респ. Алтай _nГос. арх. служба Респ. Алтай _oИнформ.-метод. бюл. _tАрхивы Республики Алтай _v№12 |
|
| 801 | 1 |
_aRU _bInfoComm _c20031202 |
|
| 801 | 0 |
_aRU _bNLR _gPSBO |
|
| 852 |
_aNLR _jП22/7573 |
||
| 942 | _cISSUE | ||
| 980 | _aNB | ||
| 980 | _aRUSPER | ||